| 000 | 01254cam a2200229 4500 | ||
|---|---|---|---|
| 001 | ABS68597 | ||
| 008 | 050125n2005 000 0 eng u | ||
| 035 | _a(Sirsi) u128604 | ||
| 100 | _aBingham, T. | ||
| 245 | _aLiving with the others | ||
| 260 | _c2005 | ||
| 490 |
_aBuilding _v270(8364) 52-53(2) |
||
| 520 | _aDiscusses Hibberd's paper to the Society of Construction Law, "The place of standard forms of building contract in the 21st century". Notes that Hibberd rejects the view expressed by John Egan in "Rethinking construction'"which questions whether the standard form of contract should be used at all. Argues that a soundly based written contract can be crucial in the avoidance of disputes but that not many professionals use the JCT contracts properly with little use made of mechanisms such as extensions of time. Comments that the future of JCT style documents is good but it is time for the standard forms to be produced in a way that more people can understand. | ||
| 590 | _aABS | ||
| 590 | _aABS | ||
| 650 | _aPROCUREMENT METHODS | ||
| 650 | _aJCT STANDARD FORMS OF BUILDING CONTRACT | ||
| 650 | _aSTANDARD FORM CONTRACTS | ||
| 650 | _aBUILDING CONTRACTS | ||
| 690 | _aBUILDING AND CONSTRUCTION-CONTRACTS | ||
| 942 | _n0 | ||
| 999 |
_c118486 _d118486 |
||